Bambini di vita /
محفوظ في:
| المؤلف الرئيسي: | |
|---|---|
| مؤلفون آخرون: | , |
| التنسيق: | كتاب |
| اللغة: | الإيطالية |
| منشور في: |
\Milano! :
Sperling paperback,
1997
|
| سلاسل: | Superbestseller ;
638 |
| الموضوعات: | |
| الوسوم: |
لا توجد وسوم, كن أول من يضع وسما على هذه التسجيلة!
|
MARC
| LEADER | 00000nam a22000007i 4500 | ||
|---|---|---|---|
| 001 | IT\ICCU\LO1\0447159 | ||
| 003 | ItRI | ||
| 005 | 20260319160420.0 | ||
| 008 | 980102s1997 it |||||| ||||| |||||c | ||
| 020 | |a 8878248061 | ||
| 040 | |b ita |c Arcigay Catania | ||
| 041 | 7 | |a ita |2 ISO-639-2 | |
| 082 | |a 306.74509593 |2 19 | ||
| 100 | 1 | |a Botte, Marie France |0 IT\ICCU\VIAV\096065 |4 aut | |
| 240 | 1 | 3 | |a Le prix d'un enfant. |9 Botte, Marie France |
| 245 | 1 | 0 | |a Bambini di vita / |c Marie-France Botte ; con Jean-Paul Mari. |
| 260 | |a \Milano! : |b Sperling paperback, |c 1997 | ||
| 300 | |a 246 p., [8] c. di tav. : |b 1 c. geogr. ; |c 20 cm | ||
| 500 | |a Trad. di Paola Guaraldo. | ||
| 650 | 7 | |a Prostituzione infantile |x Bangkok |2 scbi | |
| 700 | 1 | |a Mari, Jean Paul |0 IT\ICCU\VIAV\096066 | |
| 700 | 1 | |a Guaraldo, Paola |0 IT\ICCU\VIAV\096067 | |
| 830 | 0 | |a Superbestseller ; |v 638 |0 IT\ICCU\RAV\0068063 | |
| 942 | |2 ddc |c BK |n 0 | ||
| 952 | |0 0 |1 0 |2 ddc |4 0 |6 306_745000000000000_BOT_BAM |7 0 |9 33303 |a CT |b CT |d 2026-03-19 |l 0 |o 306.745 bot bam |p 11829 |r 2026-03-19 16:04:49 |w 2026-03-19 |y BK | ||
| 981 | 1 | |6 z01 |a i |b xxxe | |
| 982 | 1 | |6 z01 |a n | |
| 999 | |c 28924 |d 28924 | ||